| 000 | 00520 a2200193 4500 | ||
|---|---|---|---|
| 001 | 61821 | ||
| 005 | 20260407155909.0 | ||
| 008 | 260407a1952 arg spa d | ||
| 003 | AR-UNSa-BCEJYS | ||
| 040 |
_aAR-UNSa-BCEJYS _bspa _cAR-UNSa-BCEJYS |
||
| 080 |
_a347.746 _xLetras de cambio |
||
| 245 | 1 | 0 | _aLetra de cambio |
| 264 | 1 |
_aBuenos Aires : _bEDIAR _c1952 |
|
| 300 |
_a2 v. (570 ; 465 p.) _c24 cm. |
||
| 041 | _aspa | ||
| 942 | _cBK | ||
| 590 | _aniveau_biblio:m niveau_hierar:0 | ||
| 100 | 1 | _aZaefferer Silva, Oscar | |
| 999 |
_c7425 _d7425 |
||